| 000 | | | 04671nac2a22003013x 450 |
| 001 | | | 91e73a25-9d89-4e10-af25-8bf1ab522e26 |
| 005 | | | 20210716124831.0 |
| 100 | ## | $a | 20210612l1936 k y0rusy50 ca |
| 101 | 0# | $a | rus |
| 102 | ## | $a | RU |
| 105 | ## | $a | y z ||||| |
| 122 | 0# | $a | d19360117 |
| 200 | 1# | $a | Стенограмма 9-го Заседания Союзного Совета ЦИК СССР. /Утро/ |
| | $j | 17.01.1936 |
| 215 | ## | $a | 144 листа |
| 251 | ## | $c | Дело |
| 300 | ## | $a | Заголовок дела на папке: 2-я Сессия ЦИК Союза ССР. 7-го созыва. Стенограмма Девятого заседания Союзного Совета ЦИК Союза ССР. 17-1-1936 года (утреннее) |
| 300 | ## | $a | Машинописный текст |
| 330 | ## | $a | Входит в раздел описи: VII-й Съезд Советов. 2-я Сессия ЦИК СССР |
| 461 | #0 | $1 | 001796d4672-8a00-4986-b488-6e42273792cc |
| | $1 | 2001 |
| | $a | ЦЕНТРАЛЬНЫЙ ИСПОЛНИТЕЛЬНЫЙ КОМИТЕТ СССР (ЦИК СССР) |
| | $1 | 251 |
| | $c | Фонд |
| | $1 | 852 |
| | $j | 3316 |
| | $g | Р |
| 462 | #0 | $1 | 0012246e4af-064a-4b66-b386-cae0ddb7fb2d |
| | $1 | 2001 |
| | $a | Дела 7-го Съезда Советов и 1-й, 2-й, 3-й, 4-й Сессий 7-го созыва. 1935-1937 гг. |
| | $v | Д. 120 |
| | $1 | 251 |
| | $c | Опись |
| | $1 | 852 |
| | $j | 7 |
| 517 | 1# | $a | 2-я Сессия ЦИК Союза ССР. 7-го созыва. Стенограмма Девятого заседания Союзного Совета ЦИК Союза ССР. 17-1-1936 года (утреннее) |
| 601 | 01 | $3 | RU\NLR\AUTH\880357276 |
| | $a | СССР |
| | $b | ЦИК |
| 601 | 02 | $3 | RU\NLR\AUTH\880399376 |
| | $a | СССР |
| | $b | ЦИК |
| | $b | Созыв |
| | $c | 7 |
| | $b | Сессия |
| | $d | 2 |
| 601 | 02 | $a | СССР. ЦИК. Созыв (7). Сессия (2). Заседание Союзного Совета (9) |
| 601 | 01 | $3 | RU\NLR\AUTH\880399260 |
| | $a | СССР |
| | $b | Центральный исполнительный комитет |
| | $b | Союзный Совет |
| 801 | #0 | $a | RU |
| | $b | GA_RF |
| 801 | #1 | $a | RU |
| | $b | ГлавНИВЦ |
| | $c | 20210612 |
| | $2 | rusmarc |
| 801 | #2 | $a | RU |
| | $b | ПБ им. Б.Н. Ельцина |
| | $c | 20210716 |
| | $g | RCR |
| | $2 | rusmarc |
| 852 | ## | $a | ГА РФ |
| | $j | 120 |
| 937 | ## | $d | 166252587 |
| | $h | ГАРФ |
| 035 | ## | $a | RuPRLIB51060480 |
| 856 | ## | $u | http://readingroom.main.prlib.ru/item.aspx?id_node=n166252587&mode=full |